LEADER 01103nam1-2200337li-450- 001 990000182300203316 035 $a0018230 035 $aUSA010018230 035 $a(ALEPH)000018230USA01 035 $a0018230 100 $a20001109d1971----km-y0itay0103----ba 101 0 $aeng 102 $aUS 200 1 $aAtomic physics and astrophysics 210 $aNew York [etc.]$cGordon and Breach Science Publishers$dcopyr. 1971- 215 $av.$cill.$d23 cm 300 $ain testa al front.: brandeis university summer institute in theoretical physics. 315 $aaltro genere 610 1 $aastrofisica 610 1 $aFisica atomica 676 $a5397$9Fisica atomica e nucleare 712 02$aUniversity of$b. Summer Institute in Theoretical Physics$cBrandeis 801 $aSistema bibliotecario di Ateneo dell' Universit? di Salerno$gRICA 912 $a990000182300203316 959 $aBK 979 $c19970129 979 $c20001110$lUSA01$h1713 979 $c20020403$lUSA01$h1626 979 $aPATRY$b90$c20040406$lUSA01$h1613 979 $aPATRY$b90$c20070626$lUSA01$h1524 997 $aUNISA LEADER 01745nam a22003011i 4500 001 991002166879707536 005 20040211103137.0 008 040407s1973 it a||||||||||||||||ita 035 $ab12880954-39ule_inst 035 $aARCHE-086057$9ExL 040 $aDip.to Scienze Storiche$bita$cA.t.i. Arché s.c.r.l. Pandora Sicilia s.r.l. 082 04$a631.4 110 2 $aEnte per lo sviluppo dell'irrigazione e la trasformazione fondiaria in Puglia e Lucania $0316951 245 10$aIndividuazione e classificazione dei territori suscettibili di conveniente valorizzazione irrigua ricadenti in Puglia, Lucania ed Irpinia :$bDM n. 860 /$cEnte per lo sviluppo dell'irrigazione e la trasformazione fondiaria in Puglia e in Lucania ; redatta dal Servizio agrario a cura del dr. agr. Nicola Ficco con la collaborazione del p.a. Vincenzo Vergallo 260 $aBari :$bArti grafiche Favia,$c[1973?] 300 $a203 p. :$bill. ;$c27 cm +$e8 c. geogr. 500 $aIn testa al front. : Ente per lo sviluppo dell'irrigazione e la trasformazione fondiaria in Puglia e Lucania, Bari 650 4$aTerreno agrario$xClassificazione$zIrpinia 650 4$aTerreno agrario$xClassificazione$zLucania 650 4$aTerreno agrario$xClassificazione$zPuglia 700 1 $aFicco, Nicola 700 1 $aVergallo, Vincenzo 907 $a.b12880954$b02-04-14$c16-04-04 912 $a991002166879707536 945 $aLE009 GEOG.14.434-53$g1$i2009000327764$lle009$o-$pE0.00$q-$rn$so $t0$u1$v0$w1$x0$y.i13443197$z16-04-04 996 $aIndividuazione e classificazione dei territori suscettibili di conveniente valorizzazione irrigua ricadenti in Puglia, Lucania ed Irpinia$9301511 997 $aUNISALENTO 998 $ale009$b16-04-04$cm$da $e-$fita$git $h0$i1